[Event "76th GEO-ch Women 2019"]
[Site "Tbilisi"]
[Date "2019.03.23"]
[Round "5.5"]
[White "Tsatsalashvili, Keti"]
[Black "Arabidze, Meri"]
[Result "1/2-1/2"]
[WhiteElo "2326"]
[BlackElo "2392"]
[Annotator "NA"]
[PlyCount "187"]
[EventDate "2019.03.19"]
[EventType "swiss"]
[EventCountry "GEO"]
[SourceTitle "playchess.com"]
[Source "ChessBase"]
[SourceQuality "1"]
[TimeControl "40/5400+30:1800+30"]

1. c4 {[%emt 0:00:00]} e6 {[%emt 0:00:00]} 2. Nf3 {[%emt 0:00:00]} d5 {[%emt 0:00:00]} 3. e3 {[%emt 0:00:00]} Nf6 {[%emt 0:01:07]} 4. Nc3 {[%emt 0:00:27]} dxc4 {[%emt 0:05:28]} 5. Bxc4 {[%emt 0:00:11]} a6 {[%emt 0:00:01]} 6. a4 {[%emt 0:00:45]} c5 {[%emt 0:01:23]} 7. O-O {[%emt 0:01:03]} Nc6 {[%emt 0:00:30]} 8. d4 {[%emt 0:01:48]} Be7 {[%emt 0:02:11]} 9. Qe2 {[%emt 0:02:33]} cxd4 {[%emt 0:08:21]} 10. Rd1 {[%emt 0:00:33]} O-O {[%emt 0:01:35]} 11. exd4 {[%emt 0:02:00]} Nb4 {[%emt 0:00:12]} 12. Ne5 {[%emt 0:04:45]} Nbd5 {[%emt 0:14:15]} 13. Bg5 {[%emt 0:02:58]} h6 {[%emt 0:03:45] D27: Queen's Gambit Accepted: Classical main line: 7 e4!? and 7 a4} (13... Re8 14. Qf3 Rf8 15. Bh4 Nxc3 16. bxc3 Nd7 17. Nxd7 Qxd7 18. Bg3 Bd6 19. Bd3 Bxg3 20. hxg3 g6 21. g4 {1-0 (37) Rajesh,V (2406)-Sorensen,H (2289) Lisbon 2019}) 14. Bh4 {[%emt 0:01:59] LiveBook: 3 Games} Re8 {[%emt 0:05:52]} 15. Qf3 {[%emt 0:02:38]} Nxc3 {[%emt 0:08:35]} 16. bxc3 {[%emt 0:00:44]} Qc7 {[%emt 0:00:11]} 17. Bd3 $146 {[%emt 0:09:27]} ({Predecessor:} 17. Bb3 Bd7 18. Bg3 Bd6 19. a5 Rac8 20. Rdc1 {0-1 (37) Kolesar,M (2209)-Hlavacek,T (2019) Tatranska Lomnica 2017}) 17... Bd7 {[%emt 0:04:04]} 18. Be4 {[%emt 0:05:15]} Rab8 {[%emt 0:10:09] [#]} 19. c4 $1 {[%emt 0:03:49]} Rf8 {[%emt 0:09:30]} 20. Bc2 {[%emt 0:10:07]} Bc6 {[%emt 0:01:41]} 21. Qe2 {[%emt 0:04:10]} Rbc8 {[%emt 0:03:01]} 22. Rd3 {[%emt 0:05:17]} ({But not} 22. Bxf6 $6 Bxf6 23. f4 (23. Nxc6 Qxc6 24. Rac1 Bg5 $15) 23... Rfd8 $11) ({White should try} 22. Bg3 $16) 22... Rfd8 {[%emt 0:01:16]} 23. Rad1 {[%emt 0:08:55]} Be4 {[%emt 0:01:43]} 24. Rg3 {[%emt 0:03:48]} Bxc2 {[%emt 0:00:41]} 25. Qxc2 {[%emt 0:00:14]} Nh5 {[%emt 0:03:36]} (25... g5 $15 26. Bxg5 hxg5 27. Rxg5+ Kf8) 26. Bxe7 {[%emt 0:03:20]} Qxe7 {[%emt 0:00:09]} 27. Rb3 {[%emt 0:00:54]} Nf6 {[%emt 0:02:39]} 28. h3 {[%emt 0:00:31]} Rc7 {[%emt 0:01:57]} 29. c5 {[%emt 0:04:48]} Nd7 {[%emt 0:05:08]} 30. Nc4 {[%emt 0:00:50]} Nf6 {[%emt 0:00:36]} 31. Qb1 {[%emt 0:04:04]} Nd5 $16 {[%emt 0:03:03]} 32. Nd6 {[%emt 0:04:23]} Rdd7 {[%emt 0:00:30]} 33. a5 {[%emt 0:03:37]} Nf6 {[%emt 0:00:07]} 34. Qa1 {[%emt 0:01:05]} Ne8 {[%emt 0:01:09]} 35. Nc4 {[%emt 0:00:17]} Nf6 {[%emt 0:00:37]} 36. Rdb1 {[%emt 0:02:02]} Ne4 {[%emt 0:01:35]} 37. Re1 {[%emt 0:02:48]} Nf6 {[%emt 0:00:14]} 38. Nb6 {[%emt 0:01:50]} Rd8 {[%emt 0:00:07]} 39. Qb2 {[%emt 0:00:17]} Nd5 {[%emt 0:00:42]} 40. Nc4 {[%emt 0:00:00]} Nf4 {[%emt 0:00:00]} 41. Nd6 {[%emt 0:03:33]} Qg5 {[%emt 0:09:34]} 42. Rg3 {[%emt 0:00:35]} Qf6 {[%emt 0:01:48]} 43. Qd2 {[%emt 0:02:13]} Ng6 {[%emt 0:02:46]} 44. Rf3 {[%emt 0:08:09]} Qh4 {[%emt 0:02:23]} 45. Qe3 {[%emt 0:07:32]} Qg5 {[%emt 0:09:43]} 46. Rg3 {[%emt 0:07:32]} Qd5 {[%emt 0:01:48]} 47. f4 {[%emt 0:01:16]} Ne7 {[%emt 0:01:30]} 48. Qe5 {[%emt 0:01:52]} Qxe5 {[%emt 0:00:32]} 49. dxe5 {[%emt 0:00:33]} Rb8 {[%emt 0:02:28]} 50. Rc1 {[%emt 0:00:21]} Nc6 {[%emt 0:00:46]} 51. Ra3 {[%emt 0:00:57]} Kf8 {[%emt 0:00:27]} 52. Kh2 {[%emt 0:00:19]} Ke7 {[%emt 0:00:23]} 53. Kg3 {[%emt 0:01:13]} g5 {[%emt 0:01:27]} 54. Kf3 {[%emt 0:01:49]} gxf4 {[%emt 0:00:44]} 55. Kxf4 {[%emt 0:00:11]} Rg8 {[%emt 0:00:18]} 56. g4 {[%emt 0:00:26]} Rg5 {[%emt 0:00:21]} 57. Re1 {[%emt 0:01:27]} Nb4 {[%emt 0:01:17]} 58. h4 {[%emt 0:00:36]} Rg8 {[%emt 0:01:58]} 59. Rb1 {[%emt 0:01:05]} Nd5+ {[%emt 0:00:38]} 60. Kf3 {[%emt 0:00:09]} Rxc5 {[%emt 0:00:09]} 61. Rxb7+ {[%emt 0:00:05]} Rc7 {[%emt 0:00:24]} 62. Rab3 {[%emt 0:01:04]} f6 {[%emt 0:00:32]} 63. Rxc7+ Nxc7 {[%emt 0:00:01]} 64. Rb7 {[%emt 0:02:45]} fxe5 {[%emt 0:00:11]} 65. Nc4 {[%emt 0:00:19]} e4+ {[%emt 0:01:06]} 66. Kf4 {[%emt 0:01:16]} Kd7 {[%emt 0:00:01]} 67. Ne5+ {[%emt 0:00:21]} Kc8 {[%emt 0:00:15]} 68. Rb3 {[%emt 0:00:30]} Nd5+ {[%emt 0:01:51]} 69. Kxe4 {[%emt 0:00:02]} Nf6+ {[%emt 0:00:21]} 70. Kf3 {[%emt 0:01:12]} Nd5 {[%emt 0:00:24]} 71. Kg3 {[%emt 0:00:22]} Kc7 {[%emt 0:01:05]} 72. Rf3 {[%emt 0:00:32]} h5 {[%emt 0:00:36]} 73. g5 {[%emt 0:00:28]} Ne7 {[%emt 0:00:01]} 74. Rf7 {[%emt 0:00:29]} Kd6 {[%emt 0:00:08]} 75. Nc4+ {[%emt 0:00:09]} Kd7 {[%emt 0:00:04]} 76. Rh7 {[%emt 0:00:29]} e5 {[%emt 0:01:48]} 77. Nxe5+ {[%emt 0:00:40]} Ke6 {[%emt 0:00:02]} 78. Nd3 {[%emt 0:00:36]} Nf5+ {[%emt 0:00:13]} 79. Kh3 {[%emt 0:00:13]} Rc8 {[%emt 0:00:37]} 80. Nf4+ {[%emt 0:00:16]} Ke5 {[%emt 0:00:05]} 81. Nxh5 {[%emt 0:00:33]} Rc3+ {[%emt 0:00:07]} 82. Kh2 {[%emt 0:00:14]} Rc2+ {[%emt 0:00:31]} 83. Kh1 {[%emt 0:00:21]} Nxh4 {[%emt 0:00:42]} 84. Ng3 {[%emt 0:01:51]} Rc1+ {[%emt 0:00:27]} 85. Kh2 {[%emt 0:00:03]} Nf3+ {[%emt 0:00:06]} 86. Kg2 {[%emt 0:00:03]} Nxg5 {[%emt 0:00:50]} 87. Rh5 {[%emt 0:00:34]} Rc2+ {[%emt 0:00:25]} 88. Kf1 {[%emt 0:00:47]} Kf4 {[%emt 0:00:19]} 89. Ne2+ {[%emt 0:00:14]} Kg4 {[%emt 0:00:43]} 90. Rh6 {[%emt 0:00:09]} Ne4 {[%emt 0:01:44]} 91. Rxa6 {[%emt 0:00:39]} Nd2+ {[%emt 0:00:29]} 92. Kf2 {[%emt 0:00:27]} Nb3 {[%emt 0:00:17]} 93. Ke3 {[%emt 0:01:25]} Ra2 {[%emt 0:00:41]} 94. Nc3 {[%emt 0:00:15]} 1/2-1/2

[Event "76th GEO-ch Women 2019"]
[Site "Tbilisi"]
[Date "2019.03.23"]
[Round "5.6"]
[White "Esadze, Tamari"]
[Black "Vakhania, Aleksandra"]
[Result "0-1"]
[WhiteElo "2078"]
[BlackElo "2175"]
[Annotator "NA"]
[PlyCount "68"]
[EventDate "2019.03.19"]
[EventType "swiss"]
[EventCountry "GEO"]
[SourceTitle "playchess.com"]
[Source "ChessBase"]
[SourceQuality "1"]
[TimeControl "40/5400+30:1800+30"]

{[%evp 8,35,36,37,31,13,22,10,33,2,2,0,5,7,16,14,10,13,27,27,23,25,67,77,103,70,81,76,65,81]} 1. e4 {[%emt 0:00:00]} c6 {[%emt 0:00:00]} 2. d4 {[%emt 0:00:00]} d5 {[%emt 0:00:00]} 3. Nc3 {[%emt 0:00:00]} dxe4 {[%emt 0:00:55]} 4. Nxe4 {[%emt 0:00:00]} Nf6 {[%emt 0:00:11]} 5. Nxf6+ {[%emt 0:00:14]} exf6 {[%emt 0:00:53]} 6. Nf3 {[%emt 0:00:27]} Bd6 {[%emt 0:00:14]} 7. Bd3 {[%emt 0:01:20]} O-O {[%emt 0:00:24]} 8. O-O {[%emt 0:00:06]} Bg4 {[%emt 0:01:03]} 9. h3 {[%emt 0:03:40] LiveBook: 23 Games} Bh5 {[%emt 0:00:10] B15: Caro-Kann: 3 Nc3: 3...g6 and 3...dxe4 4 Nxe4 Nf6 5 Nxf6+ exf6} 10. Re1 {[%emt 0:05:24]} (10. Be4 Re8 11. Qd3 Bg6 12. Bxg6 hxg6 13. Bd2 Nd7 {½-½ (13) Ghaem Maghami,E (2574)-Berkes,F (2648) Rasht 2017}) 10... c5 {[%emt 0:02:21]} 11. dxc5 $146 {[%emt 0:12:52]} ({Predecessor:} 11. g4 Bg6 12. Bxg6 hxg6 13. dxc5 Bxc5 14. Be3 Qb6 15. Bxc5 Qxc5 16. Qd4 Qc7 17. Rad1 {½-½ (51) Tompa,J (2445)-Okrajek,A (2240) Cappelle-la-Grande 1991}) 11... Bxc5 {[%emt 0:00:07]} 12. Be3 {[%emt 0:01:26]} Bd6 {[%emt 0:01:51]} 13. Be4 {[%emt 0:03:09]} Nc6 {[%emt 0:06:56]} 14. Qd5 {[%emt 0:10:35]} f5 {[%emt 0:21:12]} 15. Bg5 {[%emt 0:10:14]} ({Don't play} 15. Qxf5 Bg6 $11) 15... Qb6 {[%emt 0:16:14]} 16. Bxf5 {[%emt 0:10:58]} ({Of course not} 16. Qxd6 $6 fxe4 17. Nd2 (17. Rxe4 h6 $17) 17... Qxb2 $15) 16... Bc5 {[%emt 0:03:44]} 17. Bh4 {[%emt 0:20:17]} Bxf3 $1 {[%emt 0:10:25]} 18. Qxf3 $16 {[%emt 0:00:24]} ({Of course not} 18. gxf3 $6 Rad8 $11) 18... Nd4 {[%emt 0:01:14]} 19. Qd3 {[%emt 0:02:05]} Qh6 {[%emt 0:07:37]} 20. Be7 {[%emt 0:03:58]} Bxe7 {[%emt 0:09:31]} 21. Rxe7 {[%emt 0:00:04]} Qf6 {[%emt 0:01:57]} 22. Bxh7+ {[%emt 0:02:00]} Kh8 {[%emt 0:00:06]} 23. Rd7 {[%emt 0:03:09]} Ne6 {[%emt 0:03:12]} 24. Qf5 {[%emt 0:05:17]} Qh6 {[%emt 0:03:36]} 25. Rxf7 {[%emt 0:00:22]} Rxf7 {[%emt 0:02:28]} 26. Qxf7 {[%emt 0:00:03]} Kxh7 {[%emt 0:00:12]} 27. Re1 {[%emt 0:00:57]} Ng5 {[%emt 0:02:37]} 28. Qxb7 {[%emt 0:00:47]} Rf8 {[%emt 0:00:18]} 29. Qe7 {[%emt 0:01:39]} Rf6 {[%emt 0:00:24]} 30. Qd8 {[%emt 0:02:31]} Rg6 {[%emt 0:02:57]} 31. Re8 {[%emt 0:00:56]} Nf3+ {[%emt 0:00:39]} 32. Kf1 {[%emt 0:00:03]} Qc1+ {[%emt 0:00:16]} 33. Ke2 {[%emt 0:00:01]} Ng1+ {[%emt 0:00:55]} 34. Kd3 {[%emt 0:00:03]} Rd6+ {[%emt 0:00:10] Kd4} 0-1

[Event "76th GEO-ch Women 2019"]
[Site "Tbilisi"]
[Date "2019.03.24"]
[Round "6.1"]
[White "Melia, Salome"]
[Black "Vakhania, Aleksandra"]
[Result "1-0"]
[WhiteElo "2385"]
[BlackElo "2175"]
[Annotator "NA"]
[PlyCount "97"]
[EventDate "2019.03.19"]
[EventType "swiss"]
[EventCountry "GEO"]
[SourceTitle "playchess.com"]
[Source "ChessBase"]
[SourceQuality "1"]
[TimeControl "40/5400+30:1800+30"]

1. e4 {[%emt 0:00:00]} g6 {[%emt 0:00:00]} 2. d4 {[%emt 0:00:00]} Bg7 {[%emt 0:00:00]} 3. Nf3 {[%emt 0:01:02]} c6 {[%emt 0:03:04]} 4. Nc3 {[%emt 0:00:51]} d6 {[%emt 0:01:00]} 5. a4 {[%emt 0:01:29]} Nf6 {[%emt 0:02:17]} 6. Be2 {[%emt 0:00:22]} O-O {[%emt 0:01:10]} 7. O-O {[%emt 0:00:10]} d5 {[%emt 0:10:48] B08: Pirc Defence: Classical System} (7... Qc7 8. e5 dxe5 9. Nxe5 Nbd7 10. Bf4 Nxe5 11. Bxe5 Qd8 12. a5 Bf5 13. Re1 Nd5 14. Bf3 Nb4 15. Bxg7 Kxg7 16. Be4 Bxe4 17. Nxe4 b6 18. c3 {1-0 (70) So,W (2780)-Duda,J (2737) chess.com INT 2018}) 8. e5 {[%emt 0:02:21]} Ne4 {[%emt 0:00:04]} 9. Nxe4 {[%emt 0:02:13]} dxe4 {[%emt 0:00:06]} 10. Ng5 {[%emt 0:00:04]} c5 {[%emt 0:00:29]} 11. dxc5 {[%emt 0:18:43]} Qc7 {[%emt 0:00:14]} 12. Nxe4 {[%emt 0:03:23]} Bxe5 $146 {[%emt 0:05:37]} ({Predecessor:} 12... Rd8 13. Bd3 Bxe5 14. Qf3 Bxh2+ 15. Kh1 {½-½ (25) Voelker,J-Voth,J USA corr 1991}) 13. f4 {[%emt 0:02:15]} Bg7 {[%emt 0:00:27]} 14. c3 {[%emt 0:02:49]} Bf5 {[%emt 0:01:07]} 15. Bf3 {[%emt 0:00:37]} Na6 {[%emt 0:02:34]} 16. c6 {[%emt 0:04:07]} Qxc6 {[%emt 0:03:06]} 17. Qe2 {[%emt 0:00:07]} Nc5 {[%emt 0:09:58]} 18. Nxc5 {[%emt 0:03:33]} Qxc5+ {[%emt 0:00:08]} 19. Be3 {[%emt 0:00:01]} Qc7 {[%emt 0:07:33]} 20. Qb5 {[%emt 0:03:04]} Bd7 {[%emt 0:07:31]} 21. Qxb7 {[%emt 0:04:14]} Qxb7 {[%emt 0:00:05]} 22. Bxb7 {[%emt 0:00:08]} Rab8 {[%emt 0:00:01]} 23. Bf3 {[%emt 0:00:34]} Rxb2 {[%emt 0:00:09]} 24. Rfd1 {[%emt 0:13:20]} Be6 {[%emt 0:04:24]} 25. Bxa7 {[%emt 0:01:02]} Bxc3 {[%emt 0:02:29]} 26. Bd4 {[%emt 0:06:04]} Bxd4+ $1 {[%emt 0:01:44]} 27. Rxd4 {[%emt 0:00:03]} Bc8 $1 {[%emt 0:00:33]} 28. a5 {[%emt 0:03:12]} Bb7 $1 {[%emt 0:06:25]} 29. a6 $14 {[%emt 0:09:31]} Bxf3 {[%emt 0:07:59]} 30. gxf3 {[%emt 0:00:08]} Ra8 {[%emt 0:02:39]} 31. Rd7 {[%emt 0:09:21]} Kf8 {[%emt 0:01:44]} 32. Rc7 {[%emt 0:01:13]} Ke8 {[%emt 0:18:24]} 33. Rd1 {[%emt 0:03:56]} Rd8 {[%emt 0:01:29]} 34. Rxd8+ {[%emt 0:02:02]} Kxd8 {[%emt 0:00:05]} 35. a7 {[%emt 0:00:11]} Kxc7 {[%emt 0:01:11]} 36. a8=Q {[%emt 0:00:04]} Rb7 {[%emt 0:00:27]} 37. Qe8 {[%emt 0:02:22]} f5 {[%emt 0:00:31]} 38. Qxe7+ {[%emt 0:00:32]} Kc6 {[%emt 0:00:03]} 39. Qe6+ {[%emt 0:00:33]} Kc7 {[%emt 0:00:07]} 40. Kg2 {[%emt 0:00:00]} Rb2+ {[%emt 0:00:00]} 41. Kg3 {[%emt 0:00:44]} Rd2 {[%emt 0:01:09]} 42. Qc4+ {[%emt 0:00:52]} Kd8 {[%emt 0:00:55]} 43. Qg8+ {[%emt 0:03:57]} Ke7 {[%emt 0:00:40]} 44. Qxh7+ {[%emt 0:01:28]} Kf6 {[%emt 0:00:06]} 45. Qh8+ {[%emt 0:00:07]} Kf7 {[%emt 0:00:04]} 46. h4 {[%emt 0:00:32]} Rd6 {[%emt 0:05:04]} 47. Qh7+ {[%emt 0:01:07]} Kf6 {[%emt 0:01:48]} 48. Qg8 {[%emt 0:00:40]} Rd7 {[%emt 0:00:33]} 49. h5 {[%emt 0:02:26]} 1-0

[Event "76th GEO-ch Women 2019"]
[Site "Tbilisi"]
[Date "2019.03.24"]
[Round "6.2"]
[White "Arabidze, Meri"]
[Black "Esadze, Tamari"]
[Result "1-0"]
[WhiteElo "2392"]
[BlackElo "2078"]
[Annotator "NA"]
[PlyCount "119"]
[EventDate "2019.03.19"]
[EventType "swiss"]
[EventCountry "GEO"]
[SourceTitle "playchess.com"]
[Source "ChessBase"]
[SourceQuality "1"]
[TimeControl "40/5400+30:1800+30"]

1. Nf3 {[%emt 0:12:08]} Nf6 {[%emt 0:00:00]} 2. c4 {[%emt 0:00:04]} e6 {[%emt 0:00:00]} 3. g3 {[%emt 0:00:07]} d5 {[%emt 0:00:57]} 4. Bg2 {[%emt 0:00:14]} Be7 {[%emt 0:00:12]} 5. O-O {[%emt 0:00:48]} O-O {[%emt 0:00:07]} 6. b3 {[%emt 0:01:02]} c5 {[%emt 0:02:29]} 7. Bb2 {[%emt 0:00:42]} Nc6 {[%emt 0:01:50]} 8. e3 {[%emt 0:01:36]} b6 {[%emt 0:03:13]} 9. Nc3 {[%emt 0:00:23]} Bb7 {[%emt 0:01:22]} 10. cxd5 {[%emt 0:00:12]} Nxd5 {[%emt 0:03:06]} 11. Nxd5 {[%emt 0:00:14]} exd5 {[%emt 0:01:13]} 12. d4 {[%emt 0:04:41]} Bf6 {[%emt 0:09:32]} 13. Qd2 {[%emt 0:05:04] A14: English Opening: 1...e6 with b3 by White} Qe7 {[%emt 0:11:11]} 14. Rac1 {[%emt 0:04:37]} cxd4 {[%emt 0:15:48]} (14... Rac8 15. Bh3 Rcd8 16. Ba3 Nb4 17. Bxb4 cxb4 18. Rc2 Bc8 19. Bxc8 Rxc8 20. Rfc1 Rxc2 21. Qxc2 g6 22. Qc7 Re8 23. Qxe7 Rxe7 {1-0 (37) Mikhalevski,V (2581)-Arruebarrena,R (2267) Edmonton 2018}) 15. Nxd4 {[%emt 0:00:33]} Bxd4 {[%emt 0:01:53]} 16. Bxd4 {[%emt 0:00:57]} Rfd8 {[%emt 0:06:07]} 17. Rfd1 {[%emt 0:02:13]} Nxd4 {[%emt 0:06:26]} 18. Qxd4 {[%emt 0:00:08]} h6 {[%emt 0:01:30]} 19. h4 $146 {[%emt 0:03:05]} ({Predecessor:} 19. Rc2 Rab8 20. Rcd2 Qa3 {½-½ (31) Rumpl,E (2334)-Vyskocil,N (2364) Austria 2016}) 19... Kh7 {[%emt 0:10:11]} 20. Qf4 {[%emt 0:04:56]} Kg8 {[%emt 0:04:53]} 21. Rc7 {[%emt 0:05:14]} Rd7 {[%emt 0:00:05]} 22. Rdc1 {[%emt 0:00:38]} Rad8 {[%emt 0:09:30]} 23. Bh3 {[%emt 0:13:57]} g5 {[%emt 0:00:05]} 24. hxg5 {[%emt 0:00:58]} hxg5 {[%emt 0:00:05]} 25. Rxd7 $16 {[%emt 0:02:17]} Rxd7 {[%emt 0:00:04]} 26. Qb8+ {[%emt 0:00:56]} Rd8 {[%emt 0:06:12]} 27. Qc7 {[%emt 0:00:30]} Qxc7 {[%emt 0:00:24]} 28. Rxc7 {[%emt 0:00:02]} Rb8 {[%emt 0:00:24]} 29. Bg4 {[%emt 0:02:33]} a5 {[%emt 0:02:40]} 30. Bh5 {[%emt 0:02:51]} f5 {[%emt 0:00:03]} 31. Bf7+ {[%emt 0:02:44]} Kh8 {[%emt 0:01:42]} 32. Rd7 {[%emt 0:05:19]} Bc6 {[%emt 0:01:06]} 33. Rd6 {[%emt 0:00:36]} Rc8 {[%emt 0:00:30]} 34. Be6 {[%emt 0:05:33]} Rc7 {[%emt 0:00:07]} 35. Bxf5 {[%emt 0:00:15]} Bb7 {[%emt 0:01:27]} 36. Rd8+ {[%emt 0:08:54]} Kg7 {[%emt 0:00:03]} 37. Rd7+ {[%emt 0:00:16]} Rxd7 {[%emt 0:00:04]} 38. Bxd7 {[%emt 0:00:04]} Kf6 {[%emt 0:00:24]} 39. f4 {[%emt 0:01:03]} gxf4 {[%emt 0:01:05]} 40. exf4 {[%emt 0:00:00]} d4 {[%emt 0:00:00]} 41. Kf2 {[%emt 0:00:51]} Be4 {[%emt 0:01:56]} 42. Ke2 {[%emt 0:02:17]} Kg6 {[%emt 0:04:37]} 43. g4 {[%emt 0:01:17]} Kf6 {[%emt 0:00:23]} 44. Bb5 {[%emt 0:01:00]} Ke6 {[%emt 0:01:09]} 45. a3 {[%emt 0:01:51]} Kf6 {[%emt 0:00:29]} 46. b4 {[%emt 0:01:47]} axb4 {[%emt 0:00:36]} 47. axb4 {[%emt 0:00:01]} Ke6 {[%emt 0:00:14]} 48. Bd3 {[%emt 0:00:29]} Bc6 {[%emt 0:01:59]} 49. Kf2 {[%emt 0:01:36]} Kf6 {[%emt 0:01:13]} 50. g5+ {[%emt 0:00:36]} Ke6 {[%emt 0:00:46]} 51. Kg3 {[%emt 0:00:28]} Ba4 {[%emt 0:00:40]} 52. f5+ {[%emt 0:02:14]} Ke5 {[%emt 0:00:16]} 53. f6 {[%emt 0:00:16]} Bb3 {[%emt 0:03:07]} 54. Kh4 {[%emt 0:01:04]} Ke6 {[%emt 0:03:13]} 55. Kh5 {[%emt 0:01:11]} Kf7 {[%emt 0:00:50]} 56. Kg4 {[%emt 0:00:39]} Ke6 {[%emt 0:00:29]} 57. Kf4 {[%emt 0:00:10]} Bd5 {[%emt 0:00:07]} 58. Bf5+ {[%emt 0:00:14]} Kd6 {[%emt 0:00:20]} 59. g6 {[%emt 0:00:52]} b5 {[%emt 0:00:12]} 60. f7 {[%emt 0:02:01]} 1-0

[Event "76th GEO-ch Women 2019"]
[Site "Tbilisi"]
[Date "2019.03.24"]
[Round "6.3"]
[White "Mikadze, Miranda"]
[Black "Tsatsalashvili, Keti"]
[Result "1/2-1/2"]
[WhiteElo "2266"]
[BlackElo "2326"]
[Annotator "TA"]
[PlyCount "77"]
[EventDate "2019.03.19"]
[EventType "swiss"]
[EventCountry "GEO"]
[SourceTitle "playchess.com"]
[Source "ChessBase"]
[SourceQuality "1"]

{[%evp 16,77,9,0,0,11,36,39,35,44,33,30,40,33,68,71,62,82,179,28,38,0,36,18,68,27,39,27,40,32,41,39,33,42,26,10,10,7,7,8,7,0,20,15,20,10,15,10,16,9,29,0,18,3,15,12,8,12,15,9,40,43,68,34]} 1. e4 c5 2. c3 Nf6 3. e5 Nd5 4. Bc4 Nb6 5. Bb3 c4 6. Bc2 Nc6 7. Nf3 d6 8. exd6 Qxd6 9. O-O Bg4 {B22: Sicilian: 2 c3} 10. Re1 e6 11. Na3 Be7 12. b3 cxb3 13. axb3 O-O (13... Qd7 14. Nc4 Nxc4 15. bxc4 O-O 16. d4 Rfd8 17. Be4 {½-½ (49) Zhigalko,S (2604)-Carlsen,M (2835) St Petersburg 2018}) 14. d4 a6 15. Nc4 Qc7 $146 ({Predecessor:} 15... Nxc4 16. bxc4 Rfd8 17. Be4 {1-0 (40) Feuerstack,A (2438)-Veiga,J (2240) Katowice 2017}) 16. Ne3 Bh5 {[#]} (16... Bxf3 $16 17. Qxf3 Nxd4 18. cxd4 Qc3) 17. Bb2 $2 ({White must play} 17. Bxh7+ $1 $18 {[%mdl 512]} Kxh7 {[#]} 18. Ng5+ $1 {[%mdl 576] Decoy} Bxg5 19. Qxh5+ {[%mdl 64] Double Attack} Kg8 20. Qxg5) 17... Rfd8 18. Be4 Rac8 19. Qb1 Bg6 20. g3 Bxe4 21. Qxe4 Nd7 22. Qb1 Nf6 23. c4 Qb6 24. Qc2 h6 25. Bc3 (25. Re2 {looks sharper.} Re8 26. Ng2 Na5 27. Rb1 Qc7 28. Ne3) 25... Bb4 26. Red1 Bxc3 27. Qxc3 Rd7 28. Nc2 Ne7 29. Ne5 Rdd8 30. Rd3 Nd7 31. Nf3 Qc7 32. Ne3 Nf6 33. Qb2 a5 34. Nc2 b6 35. Na3 Nc6 36. Nb5 Qb7 37. Qe2 Nb4 38. Re3 Ne8 39. g4 {Accuracy: White = 49%, Black = 49%.} (39. d5 $5) 1/2-1/2

[Event "76th GEO-ch Women 2019"]
[Site "Tbilisi"]
[Date "2019.03.24"]
[Round "6.4"]
[White "Khukhashvili, Sopiko"]
[Black "Khurtsilava, Inga"]
[Result "1-0"]
[WhiteElo "2342"]
[BlackElo "2234"]
[Annotator "NA"]
[PlyCount "87"]
[EventDate "2019.03.19"]
[EventType "swiss"]
[EventCountry "GEO"]
[SourceTitle "playchess.com"]
[Source "ChessBase"]
[SourceQuality "1"]
[TimeControl "40/5400+30:1800+30"]

1. e4 {[%emt 0:00:00]} c5 {[%emt 0:00:00]} 2. Nf3 {[%emt 0:00:00]} Nc6 {[%emt 0:00:00]} 3. c3 {[%emt 0:00:00]} d5 {[%emt 0:00:01]} 4. exd5 {[%emt 0:00:00]} Qxd5 {[%emt 0:00:12]} 5. d4 {[%emt 0:00:00]} e6 {[%emt 0:01:47]} 6. Na3 {[%emt 0:00:36]} a6 {[%emt 0:02:09]} 7. Nc4 {[%emt 0:02:31]} Qd8 {[%emt 0:04:23]} 8. Be3 {[%emt 0:00:37] B22: Sicilian: 2 c3} b5 {[%emt 0:05:54]} 9. Nce5 {[%emt 0:00:05]} ({Worse is} 9. dxc5 Qxd1+ 10. Rxd1 bxc4 $17) 9... Nxe5 {[%emt 0:02:16]} 10. Nxe5 {[%emt 0:00:10]} Qc7 {[%emt 0:01:41]} 11. a4 {[%emt 0:04:38]} b4 {[%emt 0:03:15]} (11... cxd4 12. cxd4 Bb4+ 13. Bd2 Qa5 14. Bxb4 Qxb4+ 15. Qd2 Qxd2+ 16. Kxd2 bxa4 17. Rxa4 Bb7 18. Rb4 Bd5 19. f3 {½-½ (19) Srbis,J (2421)-Fedorchuk,S (2640) Mali Losinj 2017}) 12. cxb4 {[%emt 0:07:26]} cxd4 {[%emt 0:11:21]} 13. Qxd4 {[%emt 0:00:03]} Bxb4+ $146 {[%emt 0:00:31]} ({Predecessor:} 13... Bd6 14. Rc1 Bxe5 15. Rxc7 Bxd4 16. Bxd4 {1-0 (25) Berg,K (2375)-Forintos,G (2395) Tallinn 1986}) 14. Qxb4 {[%emt 0:00:22]} Qxe5 {[%emt 0:00:07]} 15. Be2 {[%emt 0:00:37]} Ne7 {[%emt 0:02:37]} 16. Bf4 {[%emt 0:15:41]} Nc6 {[%emt 0:09:23]} 17. Qb6 {[%emt 0:06:00]} Qe4 {[%emt 0:06:50]} 18. Rd1 {[%emt 0:11:53]} O-O {[%emt 0:02:58]} 19. Bd6 {[%emt 0:02:20]} Qxg2 {[%emt 0:28:02]} 20. Rf1 {[%emt 0:00:44]} Re8 $1 {[%emt 0:01:17] [#]} 21. f3 $1 {[%emt 0:00:43]} Bd7 {[%emt 0:00:29] [#]} 22. Bc7 {[%emt 0:01:38]} (22. Bg3 $1 $16 Nb8 23. b3) 22... e5 $1 {[%emt 0:02:24]} 23. Rxd7 {[%emt 0:08:14]} Nd4 {[%emt 0:00:04]} 24. Rf2 $11 {[%emt 0:03:29]} ({Reject} 24. Bxa6 Qxh2 25. b3 Qc2 $17) 24... Qg1+ {[%emt 0:00:52]} 25. Bf1 {[%emt 0:00:04]} Qg5 {[%emt 0:06:05]} 26. Be2 {[%emt 0:06:21]} Qg1+ {[%emt 0:00:51]} 27. Rf1 {[%emt 0:04:54]} Qg2 {[%emt 0:00:13]} 28. Bd1 {[%emt 0:02:50]} e4 {[%emt 0:02:50]} 29. Qxd4 {[%emt 0:01:05]} exf3+ {[%emt 0:00:45]} 30. Be5 {[%emt 0:00:06]} Qxh2 {[%emt 0:01:20]} 31. Rd5 {[%emt 0:00:15]} f6 {[%emt 0:01:13]} 32. Rxf3 {[%emt 0:07:34]} Rac8 {[%emt 0:00:55]} 33. Qe4 {[%emt 0:03:22]} fxe5 {[%emt 0:01:04]} 34. Rd7 {[%emt 0:06:34]} Kh8 {[%emt 0:02:15]} 35. Qg4 {[%emt 0:00:39]} Qh1+ {[%emt 0:00:46]} 36. Ke2 {[%emt 0:01:23]} Qh2+ {[%emt 0:00:14]} 37. Rf2 {[%emt 0:00:10]} Qh6 {[%emt 0:00:10]} 38. Qf5 {[%emt 0:02:04]} e4 {[%emt 0:00:34]} 39. Rg2 {[%emt 0:00:53]} Rg8 {[%emt 0:00:54]} 40. Rdxg7 {[%emt 0:00:00]} Qxg7 {[%emt 0:00:00]} 41. Rxg7 {[%emt 0:00:53]} Kxg7 {[%emt 0:00:27]} 42. Bb3 {[%emt 0:01:13]} Rgf8 {[%emt 0:03:36]} 43. Qg5+ {[%emt 0:00:13]} Kh8 {[%emt 0:01:55]} 44. Qe5+ {[%emt 0:00:03]} 1-0